000 01136naa a2200229 ar4500
001 4982
005 20221127091053.0
008 190625s su a 001 0|ara d
020 _a)9786035077248غلاف ورقي)
082 0 0 _a658.403
_bم543
245 0 0 _aمصائد صنع القرار :
_bالعقبات العشر امام صنع القرار الرائع وكيفية التغلب عليها /
_cتحرير J. Edward Russo, Paul J. Schoemaker ؛ ترجمة محمد الشهري.
260 _aالرياض :
_bدار جامعة الملك سعود للنشر،
_c2019.
300 _aا- ت، 260 ص.
_bايضاحيات ؛
_c24 سم.
500 _aترجمة لكتاب:Decision traps : the ten barriers .... / J.Russo, Paul Schoemaker. 1990.
504 _aيتضمن ارجاعات ببليوجرافية وكشاف.
650 4 _aاتخاذ القرارات.
650 4 _aالقيادة الادارية.
650 4 _aادارة الاعمال.
700 0 _aروسو، ج. ادوارد،
_eمحرر.
700 0 _aشومايكر، بول ج.،
_eمحرر.
700 0 _aالشهري، محمد بن يحيى،
_eمترجم.
999 _c4980
_d4980